000 00632nam a2200145Ia 4500
008 100122s9999 xx 000 0 und d
082 _b8221
_a820.9
100 _aराजवाडे अ
245 _aषटदर्शन समन्वय आणि पुरुषार्थ मिमांसा
260 _bप्रकाशक शोधणे
_c1941
300 _a200
630 _aषटदर्शन समन्वय आणि पुरुषार्थ मिमांसा
730 _aषटदर्शन समन्वय आणि पुरुषार्थ मिमांसा
942 _cBOOK
999 _c400582
_d400579